MANAGERIAL ECONOMICS AND QUANTITATIVE TECHNIQUES (Record no. 8928)

MARC details
000 -LEADER
fixed length control field 00429nam a22001577a 4500
003 - CONTROL NUMBER IDENTIFIER
control field SGT
020 ## - INTERNATIONAL STANDARD BOOK NUMBER
International Standard Book Number 8125502199
082 ## - DEWEY DECIMAL CLASSIFICATION NUMBER
Classification number 338,SRI
100 ## - MAIN ENTRY--PERSONAL NAME
Personal name SRIVASTAVA,ALOK
245 ## - TITLE STATEMENT
Title MANAGERIAL ECONOMICS AND QUANTITATIVE TECHNIQUES
260 ## - PUBLICATION, DISTRIBUTION, ETC. (IMPRINT)
Place of publication, distribution, etc NEW DELHI
Name of publisher, distributor, etc KITAB MAHAL
Year of Publication 2001
300 ## - PAGE DESCRIPTION
No. of Pages 874
650 ## - SUBJECT ADDED ENTRY--TOPICAL TERM
Topical term or geographic name as entry element PRODUCTION
653 ## - KEYWORDS--INDEX TERM
Keyword term CONSUMPTION, PRODUCTION, COST,REVENUE, PRICING, BUSINESS CYCLE,NATIONAL INCOME
942 ## - ADDED ENTRY ELEMENTS (KOHA)
Source of classification or shelving scheme Dewey Decimal Classification
Koha item type FCM Books
Holdings
Withdrawn status Lost status Source of classification or shelving scheme Damaged status Not for loan Collection code Home library Current library Shelving location Date acquired Vendor Name Cost, normal purchase price SGTU Total Checkouts Full call number Accession No. (Barcode) Date last seen Bill Date Koha item type
    Dewey Decimal Classification     COMMERCE MANAGEMENT SGT Science & Social Sciences Library SGT Science & Social Sciences Library On Display 03/06/2016 GIFT 225.00 SGTU   338,SRI CM319 03/06/2016 03/06/2016 FCM Books